<?xml version="1.0" encoding="UTF-8"?>
<record
    xmlns:xsi="http://www.w3.org/2001/XMLSchema-instance"
    xsi:schemaLocation="http://www.loc.gov/MARC21/slim http://www.loc.gov/standards/marcxml/schema/MARC21slim.xsd"
    xmlns="http://www.loc.gov/MARC21/slim">

  <leader>02124nam a2200289Ia 4500</leader>
  <controlfield tag="001">H5541</controlfield>
  <controlfield tag="003">IT-RoPAU</controlfield>
  <controlfield tag="008">130308s9999    xx            000 0 und d</controlfield>
  <datafield tag="040" ind1=" " ind2=" ">
    <subfield code="a">IT-RoPAU</subfield>
  </datafield>
  <datafield tag="040" ind1=" " ind2=" ">
    <subfield code="c">IT-RoPAU</subfield>
  </datafield>
  <datafield tag="041" ind1=" " ind2=" ">
    <subfield code="a">ITALIANO</subfield>
  </datafield>
  <datafield tag="100" ind1=" " ind2=" ">
    <subfield code="a">Marangi Michele</subfield>
  </datafield>
  <datafield tag="100" ind1=" " ind2=" ">
    <subfield code="g">Codice Aut. SPICS: 30471</subfield>
  </datafield>
  <datafield tag="245" ind1=" " ind2=" ">
    <subfield code="a">Insegnare cinema. Lezioni di didattica multimediale</subfield>
  </datafield>
  <datafield tag="245" ind1=" " ind2=" ">
    <subfield code="b">Insegnare Cinema. Lezioni di Didattica Multimediale</subfield>
  </datafield>
  <datafield tag="250" ind1=" " ind2=" ">
    <subfield code="a">1a ed.</subfield>
  </datafield>
  <datafield tag="260" ind1=" " ind2=" ">
    <subfield code="a">TORINO</subfield>
  </datafield>
  <datafield tag="260" ind1=" " ind2=" ">
    <subfield code="b">Utet Libreria</subfield>
  </datafield>
  <datafield tag="260" ind1=" " ind2=" ">
    <subfield code="c">2004 [1&#xB0; Ed.:2004 - Ed.Ling.Originale:2004]</subfield>
  </datafield>
  <datafield tag="300" ind1=" " ind2=" ">
    <subfield code="a">"383 p. (prefazione: 13; testo: 370 [pagine: 0-0])"</subfield>
  </datafield>
  <datafield tag="500" ind1=" " ind2=" ">
    <subfield code="a">"Introduzione. I dal Cinema Educativo Alla Didattica Cinema, 1 Prospettiva Storica: immagini e Scuola nel Corso Tempo, tra Apocalittici e Entusiati; insegnare Cinema, tra gusto cinefilo e Preoccupazioni Morali; dal Cinema Come Pretesto al Film Come Oggetto di Studio in Se'. Ii teorie e metodologie Didattica Film: Specificit&#xE0; Didattica Film; Problemi Metodologici, tra Didattica normativa e Didattica Scoperta; ruolo Analisi Testuale; Audiovisivo Escuola, Dubbi degli Insegnanti, Modelli Ricorrenti. III nuove strategie Narrative Contemporanee tra Postmoderno e Multimedialita': Cinema Postmoderno, che Cosa e Come Racconta; impatto tecnologie Sulle Narrazioni Audiovisive; Rapporto tra Cinema e New Media; Paradigmi dei New Media; Ipertestualita'E Interattivit&#xE0;. Iv New Media per una Nuova Didattica: 1 Didattica in Progress, sfide e Necessita'; Docente/Discente, 1 Rapporto Dialettico e Dinamico; insegnamento e Tecnologia; Orizzonte della Media Education. V basi metodologiche per una Didattica Interattiva: Progettare e condurre moduli Sull'Audiovisivo; Film tra testo  e Contesto, Approccio Semio/Pragmatico e Tematico/Interpretativo; Percorsi di verifica e Metodi di Valutazione; Esempi di moduli Operativi X intervento nelle Classi; 1 prototipo Multimediale X Didattica Audiovisivo. Sitografia. Bibliografia. indice dei Nomi."</subfield>
  </datafield>
  <datafield tag="650" ind1=" " ind2=" ">
    <subfield code="a">EDUCAZIONE AL CINEMA</subfield>
  </datafield>
  <datafield tag="650" ind1=" " ind2=" ">
    <subfield code="e">Codice materia Spics: 6812</subfield>
  </datafield>
  <datafield tag="942" ind1=" " ind2=" ">
    <subfield code="c">BK</subfield>
  </datafield>
  <datafield tag="957" ind1=" " ind2=" ">
    <subfield code="7">1</subfield>
  </datafield>
  <datafield tag="999" ind1=" " ind2=" ">
    <subfield code="c">93631</subfield>
    <subfield code="d">93631</subfield>
  </datafield>
  <datafield tag="999" ind1=" " ind2=" ">
    <subfield code="g">1</subfield>
  </datafield>
  <datafield tag="952" ind1=" " ind2=" ">
    <subfield code="0">0</subfield>
    <subfield code="1">0</subfield>
    <subfield code="4">0</subfield>
    <subfield code="6">H_000000000000000_5541</subfield>
    <subfield code="7">1</subfield>
    <subfield code="a">SPICS</subfield>
    <subfield code="b">SPICS</subfield>
    <subfield code="d">2013-03-08</subfield>
    <subfield code="l">0</subfield>
    <subfield code="o">H5541</subfield>
    <subfield code="r">2013-03-08 00:00:00</subfield>
    <subfield code="w">2013-03-08</subfield>
    <subfield code="y">BK</subfield>
    <subfield code="z">Progressivo inserimento:  41871 /  N. Volumi: 1 Copie: 1  / data import: 1 marzo 2013 - By Epidotti, Trombetti, Vaglietti. </subfield>
  </datafield>
</record>
